000
00320nam a22001337a 4500
020
_a
978-1-846-14511-7
082
_a
001
_b
MAC/H
100
_a
MACGREGOR,NEIL
245
_a
A HISTORY OF THE WORLD IN 100 OBJECTS
260
_a
ENGLAND
_b
PENGUIN GROUP
300
_a
707
650
_a
GENERAL KNOWLEDGE
_z
ENGLAND
942
_c
BK
999
_c
2081
_d
2081